000 00470nam a2200205Ia 4500
003 OSt
005 20230320105524.0
008 210423s2009 xx 000 0 und d
020 _a9788176259361
040 _cAL
041 _aeng
082 _a615.7 SYLM
100 _aSYLVIN (Morris).
_943073
245 _aDrug design.
260 _aNew Delhi
_bSarup & sons
_c2009
300 _a152
_bPB
365 _b475
_cINR
906 _adesign. ; Drug
942 _2ddc
_cBK
999 _c154836
_d154836